Tovább nőttek a kórházi várólisták A legtovább csípőprotézisre, a legtöbben szemműtétre várnak : Felülírja a várólistát az élet
Elmentve itt :
| Dokumentumtípus: | Cikk |
|---|---|
| Megjelent: |
2010-06-08
|
| Sorozat: | Délmagyarország
100 No. 131 |
| Kulcsszavak: | Betegellátás, várólista, Bodosi Mihály |
| Online Access: | http://dmarchiv.bibl.u-szeged.hu/129035 |
| LEADER | 00556nab a2200145 i 4500 | ||
|---|---|---|---|
| 001 | delm129035 | ||
| 005 | 20200210113823.0 | ||
| 008 | 200210s2010 hu o 0|| hun d | ||
| 040 | |a SZTE Délmagyarország Archívum |b hun | ||
| 041 | |a hun | ||
| 245 | 0 | 0 | |a Tovább nőttek a kórházi várólisták |h [elektronikus dokumentum] : |b A legtovább csípőprotézisre, a legtöbben szemműtétre várnak : Felülírja a várólistát az élet |
| 260 | |c 2010-06-08 | ||
| 300 | |a 1, 5 | ||
| 490 | 0 | |a Délmagyarország |v 100 No. 131 | |
| 695 | |a Betegellátás, várólista, Bodosi Mihály | ||